ბათუმის შოთა რუსთაველის სახელმწიფო უნივერსიტეტის ბიბლიოთეკა

საქართველოს საგადასახადო სამართალი. ნაწ. 2. (ბიბ.ჩანაწერი № 51398)

000 -LEADER
fixed length control field 01069nam a2200253Ia 4500
001 - CONTROL NUMBER
control field 18383
003 - CONTROL NUMBER IDENTIFIER
control field GE_BSU
008 - FIXED-LENGTH DATA ELEMENTS--GENERAL INFORMATION
fixed length control field 181216s||||||||xx |||||||||||||| ||und||
020 ## - INTERNATIONAL STANDARD BOOK NUMBER
International Standard Book Number 978-9941-0-5850-9
040 ## - CATALOGING SOURCE
Transcribing agency GE_BSU
080 ## - UNIVERSAL DECIMAL CLASSIFICATION NUMBER
Universal Decimal Classification number 342.743(479.22)
100 ## - MAIN ENTRY--PERSONAL NAME
Personal name ხარაზი, ია
245 ## - TITLE STATEMENT
Title საქართველოს საგადასახადო სამართალი. ნაწ. 2.
245 ## - TITLE STATEMENT
Statement of responsibility, etc. რედ. ზაურ ჯინჯოლავა.
250 ## - EDITION STATEMENT
Edition statement საქ. დავით აღმაშენებლის სახ. უნ-ტი.
260 ## - PUBLICATION, DISTRIBUTION, ETC.
Place of publication, distribution, etc. თბილისი
260 ## - PUBLICATION, DISTRIBUTION, ETC.
Name of publisher, distributor, etc. საქ. დავით აღმაშენებლის სახ. უნ-ტი
260 ## - PUBLICATION, DISTRIBUTION, ETC.
Date of publication, distribution, etc. 2014
300 ## - PHYSICAL DESCRIPTION
Extent 736 გვ.20სმ. + 1 CD.
300 ## - PHYSICAL DESCRIPTION
Accompanying material ბიბლიოგრ. ტექსტ. შენიშვნ. და გვ. 727-735.
653 ## - INDEX TERM--UNCONTROLLED
Uncontrolled term საქართველოს საგადასახადო სამართალი. ნაწ. 2.
942 ## - ADDED ENTRY ELEMENTS (KOHA)
Koha item type წიგნი
ეგზემპლარები
Withdrawn status Lost status Damaged status Not for loan Date acquired Barcode Date last seen Price effective from Koha item type
        2018-12-17 46999 2018-12-17 2018-12-17 წიგნი
        2018-12-17 47000 2018-12-17 2018-12-17 წიგნი